আমার শৈশব / (Record no. 76453)
[ view plain ]
| 000 -LEADER | |
|---|---|
| fixed length control field | 00725nam a22002177a 4500 |
| 001 - CONTROL NUMBER | |
| control field | 76453 |
| 003 - CONTROL NUMBER IDENTIFIER | |
| rucl marc code | BD-RjUL |
| 005 - DATE AND TIME OF LATEST TRANSACTION | |
| control field | 20211209082839.0 |
| 008 - FIXED-LENGTH DATA ELEMENTS--GENERAL INFORMATION | |
| fixed length control field | 191208s2019 bg ||||| |||| 00| 0 ben d |
| 020 ## - INTERNATIONAL STANDARD BOOK NUMBER | |
| International Standard Book Number | 9789843457257 |
| 035 ## - SYSTEM CONTROL NUMBER | |
| System control number | (BD-RjUL) 76674 |
| 040 ## - CATALOGING SOURCE | |
| Original cataloging agency | BD-RjUL |
| Language of cataloging | eng |
| Transcribing agency | BD-RjUL |
| 041 ## - LANGUAGE CODE | |
| Language code of text/sound track or separate title | eng |
| 082 ## - DEWEY DECIMAL CLASSIFICATION NUMBER | |
| Edition number | 23 |
| Classification number | 891.443 |
| Author mark and year | AMA 2019 |
| 245 ## - TITLE STATEMENT | |
| Title | আমার শৈশব / |
| Statement of responsibility, etc. | সম্পাদক রাশেদা খালেক |
| 260 ## - PUBLICATION, DISTRIBUTION, ETC. (IMPRINT) | |
| Place of publication, distribution, etc. | রাজশাহী : |
| Name of publisher, distributor, etc. | সতীর্থ প্রকাশনা, |
| Date of publication, distribution, etc. | ২০১৯ |
| 300 ## - PHYSICAL DESCRIPTION | |
| Pagination | ১৯২ পৃ. ; |
| Size | ২২ সেমি. |
| 650 ## - SUBJECT ADDED ENTRY--TOPICAL TERM | |
| Topical term or geographic name as entry element | Short stories, Bengali |
| 9 (RLIN) | 236096 |
| 700 ## - ADDED ENTRY--PERSONAL NAME | |
| Personal name | খালেক, রাশেদা |
| 942 ## - ADDED ENTRY ELEMENTS (KOHA) | |
| Source of classification or shelving scheme | Dewey Decimal Classification |
| Koha item type | Books |
| Lost status | Source of classification or shelving scheme | Damaged status | Not for loan | Permanent Location | Current Location | Shelving location | Date acquired | Source of acquisition | Cost, normal purchase price | Total Checkouts | Full call number | Date last seen | Copy number | Koha item type | Coded location qualifier |
|---|---|---|---|---|---|---|---|---|---|---|---|---|---|---|---|
| Dewey Decimal Classification | Not For Loan | Central Library, University of Rajshahi | Central Library, University of Rajshahi | Reading Room | 15/05/2019 | Author | 300.00 | B 891.443 AMA 2019 | 08/12/2019 | C-1 | Books | ||||
| Dewey Decimal Classification | Central Library, University of Rajshahi | Central Library, University of Rajshahi | 15/05/2019 | Author | 300.00 | B 891.443 AMA 2019 | 08/12/2019 | C-2 | Books | ||||||
| Dewey Decimal Classification | Central Library, University of Rajshahi | Central Library, University of Rajshahi | 15/05/2019 | Author | 300.00 | B 891.443 AMA 2019 | 08/12/2019 | C-3 | Books | ||||||
| Dewey Decimal Classification | Central Library, University of Rajshahi | Central Library, University of Rajshahi | 15/05/2019 | Author | 300.00 | B 891.443 AMA 2019 | 08/12/2019 | C-4 | Books | ||||||
| Dewey Decimal Classification | Central Library, University of Rajshahi | Central Library, University of Rajshahi | 09/12/2021 | Pro. Rasheda Khaleque | 240.00 | B 891.443 AMA 2019 | 18/03/2021 | C-5 | Books | 201-03-08 | |||||
| Dewey Decimal Classification | Central Library, University of Rajshahi | Central Library, University of Rajshahi | 08/03/2021 | Pro. Rasheda Khaleque | 240.00 | B 891.443 AMA 2019 | 18/03/2021 | C-6 | Books | ||||||
| Dewey Decimal Classification | Central Library, University of Rajshahi | Central Library, University of Rajshahi | 08/03/2021 | Pro. Rasheda Khaleque | 240.00 | B 891.443 AMA 2019 | 18/03/2021 | C-7 | Books |